Tragédia eura
Salvato in:
| Autore principale: | |
|---|---|
| Altri autori: | |
| Natura: | Libro |
| Lingua: | slovacco |
| Pubblicazione: |
Bratislava
Jaga Group
2011
|
| Soggetti: | |
| Tags: |
Nessun Tag, puoi essere il primo ad aggiungerne!!
|
MARC
| LEADER | 00000nam a2200000 4500 | ||
|---|---|---|---|
| 001 | 0136315 | ||
| 005 | 20231215114714.2 | ||
| 020 | |a 978-80-8076-093-9 | ||
| 041 | 0 | |a slo | |
| 044 | |a SK | ||
| 245 | 1 | 0 | |a Tragédia eura |c Philipp Bagus ; preklad: Andrej Ančina ... [et al.] |
| 264 | 1 | |a Bratislava |b Jaga Group |c 2011 | |
| 300 | |a 159 s. | ||
| 610 | 2 | 0 | |a politika menová |
| 610 | 2 | 0 | |a krajiny vyspelé |
| 610 | 2 | 0 | |a eurozóna |
| 610 | 2 | 0 | |a euro |
| 610 | 2 | 0 | |a zadlženosť |
| 610 | 2 | 0 | |a dlhy štátne |
| 610 | 2 | 0 | |a politika finančná |
| 610 | 2 | 0 | |a politika fiškálna |
| 610 | 2 | 0 | |a banky |
| 610 | 2 | 0 | |a bankovníctvo |
| 610 | 2 | 0 | |a úver |
| 610 | 2 | 0 | |a kríza finančná |
| 100 | 1 | |a Bagus, Philipp | |
| 700 | 1 | |a Ančina, Andrej | |